Quiz Bateau One Piece [HARD] - Statistiques

Statistiques générales
  • Ce quiz a été pris 66 fois
  • Le résultat moyen est 4 sur 20
Statistiques - réponses
Par images Réponse % Correct
Vogue Merry
100%
Baratie
88%
Arche Maxime
86%
Polar Tang
80%
Queen Mama Chanter
80%
Thousand Sunny
79%
Moby Dick
69%
Thriller Bark
63%
Red force
58%
Noah
56%
Oro Jackson
56%
Hollandais Volant
46%
Sabre de Xebec
43%
Vogue M’sieur Luffy
36%
St. Briss
33%
Tête de maquereau
33%
Usoland
30%
Mammouth
29%
Cutie Wagon
25%
Santa Maria
25%
Swanda Express
25%
Takoyaki 8
22%
Wind Granma
22%
Big Top
20%
Sexy Foxy
20%
Striker
18%
SAD Tanker
17%
Bliking
14%
Ryugu
14%
Victoria Punk
14%
Grudge Dolph
13%
Shark Superb
13%
Cheval blanc des Bois Dormant
10%
Fool
10%
Nita Maria
10%
Perfume Yuda
10%
Svar
9%
Yonta Maria
9%
Miss love duck
8%
Naglfar
8%
Shiro Mokuba I
8%
Barque Mortuaire
0%
Bateau de Monkey D. Garp
0%
Bateau de Nezumi
0%
Bateau de Pandaman
0%
Bateau d’Hina
0%
Bezan Black
0%
BF9
0%
Big Top Blaster
0%
Blood Batako
0%
Chiryaku Ten’nen Maru
0%
Cooking George
0%
Corbeau
0%
Dreadnaught Sabre
0%
Great Erik
0%
Hanjou-Maru
0%
Happou-Sai
0%
Hobbit
0%
Ippou-Sai
0%
Jewelry Margherita
0%
Kuri Marron Marine
0%
Liberal Hind
0%
Little Gerais
0%
Machina hallelujah
0%
Makuro ichimi
0%
Marutabune
0%
Migohai Gaimika
0%
Mini Merry II
0%
Navire brise glace de Whitey Bay
0%
Navire de Smoker
0%
Navire judiciaire
0%
Navire pudding pudding
0%
New Witch’s Tongue
0%
Northheim
0%
Numabou
0%
Numancia Flamingo
0%
Outgang Sonar
0%
Peace of Spadil
0%
Pop Rock Candy
0%
Saint German
0%
Shimashima Shopping
0%
Snapper Head
0%
Stay Tuned
0%
Victory Hunter
0%
Aucun quiz correspondant
Distribution des résultats
% des personnes avec chaque résultat
Percentile par nombre de réponses
Votre historique - résultats
Vous n’avez pas pris ce quiz